000 00479nam a22001817a 4500
005 20251108170727.0
008 250721s1996 xx 000 0 eng d
082 1 4 _a621.3/GUP
100 1 _aGupta, B.R
245 1 0 _aGeneration of electrical energy /
264 1 _aNew Delhi :
_bEurasia publishing House PVT LTD,
_c1996.
300 _a396p.
650 1 7 _aElectricity
650 1 7 _aElectric engineering
650 1 7 _aElectrical energy
942 _2ddc
_cBK
999 _c47577
_d47577